日本の河川 長さ順Top30 - Statistics

General Stats
  • This quiz has been taken 866 times
  • The average score is 16 of 31
Answer Stats
順位 長さ(km) 河口の所在地 名前 % Correct
1 367 新潟県 信濃川 (千曲川)
100%
2 322 茨城県、千葉県 利根川
99%
3 268 北海道 石狩川
96%
11 196 高知県 四万十川 (渡川)
79%
7 229 山形県 最上川
77%
15 173 東京都 荒川 (関東)
76%
9 213 静岡県 天竜川
74%
4 256 北海道 天塩川
71%
12 194 徳島県 吉野川
71%
5 249 宮城県 北上川
70%
25 138 東京都、神奈川県 多摩川
63%
7 229 三重県 木曽川
61%
10 210 新潟県 阿賀野川 (阿賀川)
61%
6 239 宮城県 阿武隈川
60%
14 183 三重県、和歌山県 熊野川 (新宮川)
60%
16 168 静岡県 大井川
60%
12 194 島根県 江の川
53%
22 143 福岡県、佐賀県 筑後川
53%
27 136 和歌山県 紀の川
46%
17 156 北海道 十勝川
45%
20 150 茨城県 那珂川
34%
30 133 秋田県 雄物川
28%
18 154 北海道 釧路川
27%
23 142 岡山県 旭川
21%
21 146 京都府 由良川
19%
26 137 鹿児島県 川内川
17%
19 153 鳥取県、島根県 斐伊川
16%
27 136 秋田県 米代川
15%
30 133 岡山県 吉井川
13%
23 142 青森県 馬淵川
10%
29 135 北海道 鵡川
8%
No matching quizzes found
Score Distribution
Percent of People with Each Score
Percentile by Number Answered
Your Score History
You have not taken this quiz